| 000 | 00711nam a2200205 4500 | ||
|---|---|---|---|
| 001 | 143888 | ||
| 003 | ES-MaACL | ||
| 005 | 20250716062534.0 | ||
| 007 | t| | ||
| 008 | 070214s1936 fr r ||||1| fre d | ||
| 100 | 1 |
_aShakespeare, William, _d1564-1616 _9105992 |
|
| 245 | 1 | 3 |
_aLe conte d'hiver / _c[par Shakespeare] ; traduction de Emile Legouis [et texte anglais d'après l'ancienne édition `Cambridge`]. |
| 260 |
_aParis : _bLes Belles Lettres, _c1936. |
||
| 300 |
_aXXVI, 249 p. ; _c16 cm. |
||
| 490 | 1 | _aCol. Shakespeare, texte et traduction | |
| 700 | 1 |
_aLegouis , Emile. _9187296 |
|
| 830 | 0 |
_aCol. Shakespeare, texte et traduction _9187295 |
|
| 852 |
_aES-MaACL _j1792-F-6 |
||
| 999 |
_c143888 _d143888 |
||